Normal view MARC view
  • Avila, Marcelino

Entry Nombre Personal

Number of records used in: 1

001 - NUMERO DE CONTROL

  • campo de control: 50461

003 - IDENTIFICADOR DE NUMERO DE CONTROL

  • campo de control: DLC

005 - FECHA Y HORA DE LA ÜLTIMA TRANSACCIÓN

  • campo de control: 20231026135203.0

008 - DATOS DE LONGITUD FIJA

  • campo de control de longitud fija: 930716n| acannaab| |a aaa |||

010 ## - NÚMERO DE CONTROL DE LA BIBLIOTECA DEL CONGRESO

  • Número de control LC: n 93067683

040 ## - FUENTE DE CATALOGACIÓN

  • Agencia original de catalogación: DLC
  • Agencia de transcripción: DLC
  • Agencia que lo modifica: DLC
  • Agencia que lo modifica: MX-MxUPN

100 10 - ENCABEZAMIENTO - NOMBRE PERSONAL

  • Nombre personal: Avila, Marcelino

400 10 - VEÁSE - NOMBRE DE PERSONA

  • Personal name: Avila, M.
  • Fuller form of name: (Marcelino)

670 ## - FUENTE EN LA QUE SE LOCALIZARON DATOS

  • Cita de la fuente: Zimbabwe, 1989:
  • Información localizada: portada (Marcelino Avila) página xxix (Ph.D., Univ. of Missouri; senior scientist, International Council for Research and Agroforestry)

670 ## - FUENTE EN LA QUE SE LOCALIZARON DATOS

  • Cita de la fuente: Agroforestry research in sub-Saharan Africa, 1989:
  • Información localizada: portada (M. Avila; International Council for Research in Agroforestry)

670 ## - FUENTE EN LA QUE SE LOCALIZARON DATOS

  • Cita de la fuente: Agroforestería básica, 1999 :
  • Información localizada: portada (Marcelino Ávila)

902 ## - CATALOGADOR

  • Catalogador: VíctorGodínez/261023